000 00294nam a22001337a 4500
008 180131b xxu||||| |||| 00| 0 eng d
020 _a9780140192063
041 _aeng
080 _a82
100 _a21
101 _aGJL
245 _aAn anthology of i ching
_cSherrill,W.A
942 _2udc
_cBK
999 _c41327
_d41327